Word Ladder: Overlapping Common Bonds Quiz Stats

Quiz Updated Oct 25, 2014

Challenge
Share
Tweet
Embed
Score 0/34 Timer 04:00
1 Play Today
Hint 4-Letter Word % Correct
Small green citrus fruitLIME
98.9%
✤ Capital of Peru ✤LIMA
96.9%
♦ Elevator direction ♦DOWN
94.7%
✤ Extreme north or south on globe ✤POLE
94.3%
What may be worse than dog's biteBARK
94.1%
✤ Settled area smaller than a city ✤TOWN
93.7%
UnclothedBARE
93.4%
✤ Armed forces nautical branch ✤NAVY
93.4%
Black cawing birdCROW
92.7%
Having an injured leg LAME
92.3%
Deficient in color PALE
91.5%
♦ Rear surface ♦BACK
91.4%
Tenement house for chickensCOOP
91.3%
Product grown by a farmerCROP
90.7%
Tiny skin openingPORE
90.1%
To not have enough LACK
89.8%
Pitt or PaisleyBRAD
89.6%
Hint 4-Letter Word % Correct
Animated movieTOON
88.9%
Fine, open fabricLACE
88.2%
Masked mammal, for shortCOON
88.2%
Spread asphalt on roadPAVE
87.9%
Necklace componentBEAD
87.4%
Main part of church buildingNAVE
86.8%
♦ Bereft of life ♦DEAD
86.8%
College head honchoDEAN
86.4%
♦ Forehead; projecting upper part ♦BROW
85.8%
Item for saleWARE
82.2%
UndulatingWAVY
82%
Cautious, guardedWARY
80.7%
Good, fine (Scottish)BRAW
80.1%
Star Trek's Worf actor MichaelDORN
67.7%
✤✤ COMMON BOND 1 ✤✤BEAN
67.3%
19th c. French sculptor GustaveDORÉ
66.1%
♦♦ COMMON BOND 2 ♦♦BEAT
43%

Today's Daily Dose

You're not logged in!

Compare scores with friends on all Sporcle quizzes.
Sign Up with Email
OR
Log In

You Might Also Like...

Show Comments

Extras

Top Quizzes Today


Score Distribution

Your Account Isn't Verified!

In order to create a playlist on Sporcle, you need to verify the email address you used during registration. Go to your Sporcle Settings to finish the process.